Normal view
MARC view
Entry Topical Term
001 - CONTROL NUMBER
- control field: 262323
003 - CONTROL NUMBER IDENTIFIER
- control field: OSt
005 - DATE AND TIME OF LATEST TRANSACTION
- control field: 20260422160525.0
008 - FIXED-LENGTH DATA ELEMENTS
- fixed length control field: 260422|| aca||aabn | a|a d
040 ## - CATALOGING SOURCE
- Original cataloging agency: OSt
- Transcribing agency: OSt
150 ## - HEADING--TOPICAL TERM
- Topical term or geographic name entry element: Biography
670 ## - SOURCE DATA FOUND
- Source citation: Work cat.: (OSt)88811: SHRINIVASA AYYANGAR (C R). ಶ್ರೀನಿವಾಸ ಅಯ್ಯಂಗಾರ್ (ಸಿ ಆರ್) 262321, Mysuru rajyadha mahashilpi shri krashnaraja odeyaru., 1985